Piłkarze Borussii Dortmund - nagła śmierć - Statystyki

Ogólne statystyki
  • Ten quiz został rozwiązany 450 razy
  • Średni wynik to 18 z 22
Answers on the Grid
Answers color-coded by a green-red scale on the quiz's grid according to % correct below.
Robert Lewandowski
Lukasz Piszczek
Julián Álvarez
Marco Reus
Kylian Mbappé
Franck Ribéry
Jakub Blaszczykowski
Erling Haaland
Joško Gvardiol
Mohamed Salah
Jude Bellingham
Jadon Sancho
Toni Kroos
Andrés Iniesta
Ousmane Dembélé
Dejan Kulusevski
Achraf Hakimi
Luka Modrić
Pierre-Emerick Aubameyang
Martin Škrtel
Mats Hummels
Roman Weidenfeller
Florian Wirtz
Mario Götze
Jérémy Doku
Neven Subotic
Ciro Immobile
Alexander Sørloth
Krzysztof Piątek
İlkay Gündoğan
Jamal Musiala
Paco Alcácer
Wojciech Szczęsny
Sandro Tonali
Ryan Gravenberch
Manuel Akanji
Axel Witsel
Dominik Szoboszlai
Henrikh Mkhitaryan
Eduardo Camavinga
André Schürrle
Brahim Díaz
Euzebiusz Smolarek
Mohammed Kudus
 
Statystyki odpowiedzi
Odpowiedź % Poprawnych
Robert Lewandowski
100%
Lukasz Piszczek
98%
Marco Reus
97%
Jakub Blaszczykowski
96%
Erling Haaland
89%
Jude Bellingham
89%
Jadon Sancho
88%
Ousmane Dembélé
85%
Pierre-Emerick Aubameyang
84%
Mats Hummels
83%
Mario Götze
81%
İlkay Gündoğan
78%
Achraf Hakimi
75%
Axel Witsel
74%
Roman Weidenfeller
74%
Henrikh Mkhitaryan
71%
Manuel Akanji
71%
Neven Subotic
70%
André Schürrle
67%
Euzebiusz Smolarek
63%
Paco Alcácer
60%
Ciro Immobile
56%
Nie znaleziono quizów pasujących do podanych kryteriów
Rozkład punktacji
Procent ludzi z każdym wynikiem
Percentyl według liczby udzielonych odpowiedzi
Twoja historia wyników
Nie rozwiązałeś tego quizu